Statistiques concernant Plus grands pays qui bordent l'océan Indien

Cliquez ici pour prendre le quiz!

Statistiques générales

  • Ce quiz a été pris 9 811 fois
  • Le résultat moyen est 7 sur 10

Statistiques - réponses

km2Pays% Correct
3 287 263Inde
99%
1 910 931Indonésie
83%
7 692 024Australie
81%
881 912Pakistan
77%
2 149 690Arabie Saoudite
69%
1 648 195Iran
66%
1 221 037Afrique du Sud
56%
945 087Tanzanie
52%
1 002 450Égypte
38%
1 886 068Soudan
31%

Distribution des résultats

Percentile par nombre de réponses

% des personnes avec chaque résultat

Votre développement - résultats

Vous n’avez pas pris ce quiz